000 00937nam a2200265 u 4500
001 66732
005 20180714074623.0
008 170302s2008 mx a r 000 0 spa d
020 _a9789685389648
041 0 _aspa
082 0 _a883.01
_bLAN
100 1 _aLandmann, Bimba,
_eautor
245 1 3 _aEl increíble viaje de Ulises /
_cBimba Landmann ; traducción de Caterina Camastra.
250 _aPrimera edición
264 1 _aMéxico :
_bEdiciones el Naranjo,
_c2008
300 _a58 páginas :
_bilustraciones ;
_c31 cm.
336 _atexto
_2rdacontent
337 _asin mediación
_2rdamedia
338 _avolumen
_2rdacarrier
490 0 _aLos Clásicos del Naranjo
650 4 _aOdisea - Rey de Ithaca (Carácter mitológico)
_xLiteratura infantil
650 4 _aGuerra de Troya
_xLiteratura infantil
650 4 _aHomero
_xOdisea
_xAdaptaciones - Ilustraciones
700 1 _aCamastra, Caterina,
_etraductor
999 _c66732
_d66732